عرض عادي
عرض مارك
- Bostic, Jeffrey Q.
مدخل إسم شخص
001 - رقم الضبط
- حقل الضبط: 36238
003 - معرف رقم الضبط
- حقل الضبط: OSt
005 - تاريخ ووقت أخر عملية
- حقل الضبط: 20130627165020.0
008 - عناصر بيانات ثابتة الطول
- حقل تحكم ثابت الطول: 130627|||a|||||| | ||| d
040 ## - مصدر الفهرسة
- هيئة الفهرسة الأصلية: OSt
- وكالة الكتابة: OSt
100 ## - مدخل -- أسم شخص
- إسم شخص: Bostic, Jeffrey Q.
670 ## - بيانات المصدر موجوده
- الاستشهاد بالمصدر: Work cat.: (OSt): Evidence-based school psychiatry /, 2012
